01304nam a2200313 a 450000100100000000300100001000500170002000800410003702000150007804000220009308200210011510000290013624501130016526000390027830000270031749000280034450400280037260000440040070000260044483000280047091000390049894200120053794500340054995201140058395201200069795201200081795600380093799900150097500002520900002520920180323155339.0110211s2003 dr a 000 0bspa d a9993476978 aBPMSUbspacBPMSU 4a928.87293bL864C1 aCassá, Roberto,d1948-10aAndrés López de Medrano :bprecursor de la democracia /cRoberto Cassá ; ilustraciones Ramiro Manzano. aSanto Domingo :bTobogán,c2003. a57 p. :bil. ;c21 cm.1 aBiografía dominicanas aBibliografía : p. 57 14aLÓPEZ DE MEDRANO, ANDRÉSd1780-18561 aManzano, Ramiro,eil. 0aBiografía dominicanas aValidado. Control de calidad BNPHU 2ddccBK aRemanejado para la BNPHU / VM 00102ddc40708CDaBPMETbBPMETd2014-07-08l0o928.87293 L864cpBPMSU15040474r2014-07-08w2014-07-08yBK 00102ddc40708CDaBPMETbBPMETd2014-07-08l0o928.87293 L864cpBPMSU15040475r2014-07-08te. 2w2014-07-08yBK 00102ddc40708CDaBPMETbBPMETd2014-07-09l0o928.87293 L864cpBPMSU15040476r2014-07-09te. 3w2014-07-09yBK aVMATEOb10c20150701lBPMSUh0069 c7102d7102